| 000 | 01036nam a22001817a 4500 | ||
|---|---|---|---|
| 999 |
_c63819 _d63819 |
||
| 003 | Ge_BSU | ||
| 005 | 20260127211039.0 | ||
| 008 | 260127s1984 ge ||||| |||| 00| 0 geo d | ||
| 041 | _ageo | ||
| 080 | _a002.2(479.22)(09) :655.1(479.22)(09) გ-92 | ||
| 100 |
_aგუგუშვილი, პაატა _93880 |
||
| 245 |
_aსაქართველოსა და ამიერკავკასიის ეკონომიკური განვითარება XIX-XX საუკუნეებში : _bმონოგრაფიები. ტ. 7, ქართული სტამბის წიგნი 1629-1979 / _cპაატა გუგუშვილი. |
||
| 264 |
_aთბილისი : _bმეცნიერება, _c1984. |
||
| 300 |
_a894 გვ. : _bილ.; _c22 სმ. |
||
| 653 | _aქართული წიგნის ისტორია | ||
| 653 | _aქართული წიგნის ბეჭდვის ისტორია | ||
| 942 |
_2udc _cᲬᲘᲒᲜᲘ |
||